[Event "España tch División de Honor 2014"]
[Site "Linares ESP"]
[Date "2014.09.10"]
[Round "7.1"]
[White "Franco Alonso, Alejandro"]
[Black "Guramishvili, Sopiko"]
[Result "1-0"]
[WhiteElo "2471"]
[BlackElo "2393"]
[PlyCount "97"]
[EventDate "2014.09.04"]
[EventType "team-tourn"]
[EventRounds "7"]
[EventCountry "ESP"]
[Source "lmi"]
[SourceDate "2014.09.04"]
[WhiteTeam "GROS XAKE TALDEA"]
[BlackTeam "C. E.  BARBERA"]

1. Nf3 d5 2. c4 e6 3. g3 d4 4. Bg2 Nf6 5. O-O c5 6. e3 Nc6 7. exd4 cxd4 8. d3
Bd6 9. Na3 O-O 10. Bg5 h6 11. Bxf6 Qxf6 12. Nd2 Qe7 13. Nc2 e5 14. a3 a5 15.
Re1 Be6 16. Rb1 a4 17. Bd5 Bf5 18. Qf3 Qd7 19. b4 axb3 20. Rxb3 Bg4 21. Qg2 Bh3
22. Qf3 Bg4 23. Qh1 Ra7 24. Reb1 Kh8 25. Bf3 Be6 26. Bd5 Bg4 27. Bf3 Be6 28. h4
f5 29. Bd5 e4 30. dxe4 f4 31. e5 Bxe5 32. Re1 Bf5 33. Ne4 Qc7 34. Qg2 Bg4 35.
Nd2 fxg3 36. fxg3 Bd6 37. Kh1 Bc5 38. Ne4 d3 39. Rxd3 Ne5 40. Nxc5 Nxd3 41.
Nxd3 Ra5 42. Nf4 Ra6 43. Nd4 Raf6 44. Qe4 Qa5 45. Qe7 Kh7 46. Qe4+ Kh8 47. Rg1
Qd2 48. Rg2 Qd1+ 49. Kh2 1-0

[Event "España tch División de Honor 2014"]
[Site "Linares ESP"]
[Date "2014.09.10"]
[Round "7.1"]
[White "Bergez, Luc"]
[Black "Gonzalez De La Torre, Santiago"]
[Result "1-0"]
[WhiteElo "2353"]
[BlackElo "2450"]
[PlyCount "67"]
[EventDate "2014.09.04"]
[EventType "team-tourn"]
[EventRounds "7"]
[EventCountry "ESP"]
[Source "lmi"]
[SourceDate "2014.09.04"]
[WhiteTeam "C. E.  BARBERA"]
[BlackTeam "GROS XAKE TALDEA"]

1. d4 Nf6 2. Nc3 d5 3. Bf4 c5 4. e3 a6 5. Nf3 Qb6 6. Na4 Qa5+ 7. c3 cxd4 8.
exd4 e6 9. b4 Qd8 10. Bd3 Be7 11. O-O O-O 12. Re1 b6 13. Ne5 Bb7 14. Re3 g6 15.
h4 Ne4 16. h5 g5 17. Bh2 Nc6 18. Qe1 f6 19. Nxc6 Bxc6 20. f3 Bxa4 21. fxe4 Bc6
22. exd5 Bxd5 23. Rxe6 Bxe6 24. Qxe6+ Kh8 25. Re1 Ra7 26. d5 Qc8 27. d6 Qxe6
28. Rxe6 Bd8 29. c4 Kg7 30. c5 bxc5 31. bxc5 Rb7 32. c6 Bb6+ 33. Kf1 Ra7 34. c7
1-0

[Event "España tch División de Honor 2014"]
[Site "Linares ESP"]
[Date "2014.09.10"]
[Round "7.1"]
[White "Argandona Riveiro, Inigo"]
[Black "Martinez Ramirez, Erik"]
[Result "0-1"]
[WhiteElo "2434"]
[BlackElo "2286"]
[PlyCount "94"]
[EventDate "2014.09.04"]
[EventType "team-tourn"]
[EventRounds "7"]
[EventCountry "ESP"]
[Source "lmi"]
[SourceDate "2014.09.04"]
[WhiteTeam "GROS XAKE TALDEA"]
[BlackTeam "C. E.  BARBERA"]

1. Nf3 Nf6 2. c4 g6 3. Nc3 d5 4. cxd5 Nxd5 5. h4 h6 6. Qa4+ Nc6 7. Nd4 Nxc3 8.
dxc3 Bd7 9. Nf3 Bg7 10. Qc2 e5 11. e4 Qe7 12. h5 g5 13. Nh2 O-O 14. g4 Nd8 15.
Be2 Ne6 16. O-O Rfd8 17. Be3 Bf8 18. Rfd1 Qf6 19. b4 a5 20. a3 b6 21. Nf1 Bd6
22. Ng3 Nf4 23. f3 Ba4 24. Qb2 Bxd1 25. Bxd1 axb4 26. axb4 Bf8 27. Nf5 Qc6 28.
Bxf4 gxf4 29. Be2 Rxa1+ 30. Qxa1 Kh7 31. Qa2 Rd7 32. Qb3 b5 33. Qa3 Qb6+ 34.
Kf1 c6 35. Qa8 Rd8 36. Qa2 Qb7 37. Qb2 Qb8 38. Qa2 Rd7 39. Qb2 Ra7 40. Kg2 Qa8
41. Qb3 Kg8 42. g5 Ra3 43. Qd1 hxg5 44. h6 Ra1 45. Qd7 Qa2 46. Kh3 Qxe2 47.
Ne7+ Kh8 0-1

[Event "España tch División de Honor 2014"]
[Site "Linares ESP"]
[Date "2014.09.10"]
[Round "7.2"]
[White "Giri, Anish"]
[Black "Harikrishna, Pentala"]
[Result "1-0"]
[WhiteElo "2758"]
[BlackElo "2725"]
[PlyCount "95"]
[EventDate "2014.09.04"]
[EventType "team-tourn"]
[EventRounds "7"]
[EventCountry "ESP"]
[Source "lmi"]
[SourceDate "2014.09.04"]
[WhiteTeam "SESTAO NATURGAS ENERGIA"]
[BlackTeam "C.A. SOLVAY"]

1. e4 c5 2. Nf3 Nc6 3. d4 cxd4 4. Nxd4 e5 5. Nb5 d6 6. N1c3 a6 7. Na3 Be6 8.
Nc4 Na5 9. Nd5 Nxc4 10. Bxc4 Rc8 11. Qd3 Be7 12. O-O Nf6 13. Nxf6+ Bxf6 14.
Bxe6 fxe6 15. c4 O-O 16. a4 Qc7 17. b3 d5 18. cxd5 Rfd8 19. Rb1 exd5 20. exd5
Qc2 21. Rd1 Qxd3 22. Rxd3 e4 23. Rd1 Rc3 24. d6 Rd3 25. Bf4 g5 26. Bg3 Kf7 27.
f3 Rxd1+ 28. Rxd1 exf3 29. gxf3 Ke6 30. Rc1 h5 31. h3 b5 32. a5 g4 33. fxg4
hxg4 34. hxg4 Rg8 35. Re1+ Kd5 36. d7 Bd8 37. Re8 Rxg4 38. Kf2 Bxa5 39. d8=Q+
Bxd8 40. Rxd8+ Ke4 41. Bc7 b4 42. Bb6 Ke5 43. Kf3 Rf4+ 44. Ke2 Ke6 45. Ra8 Kd5
46. Rxa6 Rf6 47. Ra5+ Ke4 48. Rb5 1-0

[Event "España tch División de Honor 2014"]
[Site "Linares ESP"]
[Date "2014.09.10"]
[Round "7.2"]
[White "Delchev, Aleksander"]
[Black "Fressinet, Laurent"]
[Result "1/2-1/2"]
[WhiteElo "2660"]
[BlackElo "2712"]
[PlyCount "63"]
[EventDate "2014.09.04"]
[EventType "team-tourn"]
[EventRounds "7"]
[EventCountry "ESP"]
[Source "lmi"]
[SourceDate "2014.09.04"]
[WhiteTeam "C.A. SOLVAY"]
[BlackTeam "SESTAO NATURGAS ENERGIA"]

1. Nf3 d5 2. g3 g6 3. Bg2 Bg7 4. O-O e5 5. d3 Ne7 6. e4 O-O 7. exd5 Nxd5 8. Re1
Nc6 9. Nbd2 Re8 10. a3 h6 11. Rb1 a5 12. Ne4 Nf6 13. Nxf6+ Qxf6 14. b4 axb4 15.
axb4 Bg4 16. h3 Bd7 17. Nd2 Qe7 18. c3 Rad8 19. Ra1 Bf5 20. Ne4 b6 21. Bb2 Qe6
22. Kh2 Bxe4 23. Bxe4 f5 24. Bg2 e4 25. Qc2 Ne5 26. dxe4 f4 27. Rad1 fxg3+ 28.
fxg3 Qc4 29. Bf1 Qf7 30. Bg2 Qc4 31. Bf1 Qf7 32. Bg2 1/2-1/2

[Event "España tch División de Honor 2014"]
[Site "Linares ESP"]
[Date "2014.09.10"]
[Round "7.2"]
[White "Edouard, Romain"]
[Black "Ganguly, Surya Shekhar"]
[Result "1/2-1/2"]
[WhiteElo "2674"]
[BlackElo "2614"]
[PlyCount "93"]
[EventDate "2014.09.04"]
[EventType "team-tourn"]
[EventRounds "7"]
[EventCountry "ESP"]
[Source "lmi"]
[SourceDate "2014.09.04"]
[WhiteTeam "SESTAO NATURGAS ENERGIA"]
[BlackTeam "C.A. SOLVAY"]

1. d4 d5 2. c4 e6 3. Nc3 Nf6 4. Bg5 Be7 5. e3 h6 6. Bh4 O-O 7. Rc1 b6 8. cxd5
Nxd5 9. Nxd5 exd5 10. Bxe7 Qxe7 11. Bd3 c5 12. Ne2 Nc6 13. O-O Bb7 14. dxc5
bxc5 15. Bb1 d4 16. Qc2 g6 17. Qxc5 Qxc5 18. Rxc5 dxe3 19. fxe3 Rfe8 20. Ng3
Rxe3 21. Ne4 Nd4 22. Nf6+ Kg7 23. Rc7 Bf3 24. Rd7 Nf5 25. Bxf5 gxf5 26. Rxf3
Rxf3 27. Nh5+ Kg6 28. gxf3 Kxh5 29. Rxf7 Kg5 30. Kf2 h5 31. Rg7+ Kf4 32. Rc7 h4
33. Rc4+ Kg5 34. h3 f4 35. Rc5+ Kg6 36. Rc6+ Kf5 37. Rc5+ Kg6 38. Ra5 Rc8 39.
Ke2 Rc2+ 40. Kd3 Rxb2 41. Ke4 Rh2 42. Kxf4 Rxh3 43. Ra6+ Kh5 44. Rxa7 Kg6 45.
Ra6+ Kg7 46. a4 Rg3 47. Ra7+ 1/2-1/2

[Event "España tch División de Honor 2014"]
[Site "Linares ESP"]
[Date "2014.09.10"]
[Round "7.2"]
[White "Adhiban, Baskaran"]
[Black "Rodshtein, Maxim"]
[Result "1/2-1/2"]
[WhiteElo "2619"]
[BlackElo "2678"]
[PlyCount "62"]
[EventDate "2014.09.04"]
[EventType "team-tourn"]
[EventRounds "7"]
[EventCountry "ESP"]
[Source "lmi"]
[SourceDate "2014.09.04"]
[WhiteTeam "C.A. SOLVAY"]
[BlackTeam "SESTAO NATURGAS ENERGIA"]

1. d4 d5 2. c4 c6 3. Nc3 Nf6 4. Nf3 e6 5. e3 Nbd7 6. Qc2 Bd6 7. Bd3 dxc4 8.
Bxc4 b5 9. Be2 O-O 10. O-O a6 11. e4 e5 12. Bg5 Re8 13. Rad1 Qc7 14. h3 exd4
15. Rxd4 Ne5 16. Rfd1 Nxf3+ 17. Bxf3 Be5 18. R4d2 Be6 19. Ne2 h6 20. Bxf6 Bxf6
21. Nd4 Bxd4 22. Rxd4 Qe5 23. Qxc6 Bxa2 24. Qd6 a5 25. Be2 Qxd6 26. Rxd6 b4 27.
Bb5 Rec8 28. Bc6 Ra7 29. Ra1 Bb3 30. Bd5 Bxd5 31. exd5 a4 1/2-1/2

[Event "España tch División de Honor 2014"]
[Site "Linares ESP"]
[Date "2014.09.10"]
[Round "7.2"]
[White "Salgado Lopez, Ivan"]
[Black "Cacho Reigadas, Sergio"]
[Result "1/2-1/2"]
[WhiteElo "2619"]
[BlackElo "2511"]
[PlyCount "91"]
[EventDate "2014.09.04"]
[EventType "team-tourn"]
[EventRounds "7"]
[EventCountry "ESP"]
[Source "lmi"]
[SourceDate "2014.09.04"]
[WhiteTeam "SESTAO NATURGAS ENERGIA"]
[BlackTeam "C.A. SOLVAY"]

1. e4 d6 2. d4 Nf6 3. Nd2 e5 4. c3 Be7 5. Ngf3 Nbd7 6. Bd3 O-O 7. O-O Re8 8.
Re1 Bf8 9. h3 c6 10. a4 g6 11. a5 Rb8 12. b4 exd4 13. cxd4 d5 14. e5 Nh5 15.
Qa4 Be7 16. Nb3 Nf8 17. Bd2 Ne6 18. Rac1 Bd7 19. Nc5 Nhf4 20. Bf1 Nxc5 21. bxc5
Ne6 22. Rb1 Nc7 23. Bd3 Ne6 24. Rb2 b5 25. axb6 axb6 26. cxb6 Rxb6 27. Rxb6
Qxb6 28. Bh6 Qc7 29. Rc1 Rb8 30. Qa2 Qb7 31. h4 Ra8 32. Rb1 Qc8 33. Qb3 c5 34.
Qxd5 Bc6 35. Qc4 Bxf3 36. gxf3 cxd4 37. h5 Bg5 38. Qxc8+ Rxc8 39. Bxg5 Nxg5 40.
Kg2 Ne6 41. Kg3 Rc5 42. hxg6 hxg6 43. Re1 Kg7 44. Kg4 f6 45. exf6+ Kxf6 46. f4
1/2-1/2

[Event "España tch División de Honor 2014"]
[Site "Linares ESP"]
[Date "2014.09.10"]
[Round "7.2"]
[White "De La Villa Garcia, Jesus Maria"]
[Black "Del Rio De Angelis, Salvador G"]
[Result "0-1"]
[WhiteElo "2483"]
[BlackElo "2517"]
[PlyCount "130"]
[EventDate "2014.09.04"]
[EventType "team-tourn"]
[EventRounds "7"]
[EventCountry "ESP"]
[Source "lmi"]
[SourceDate "2014.09.04"]
[WhiteTeam "C.A. SOLVAY"]
[BlackTeam "SESTAO NATURGAS ENERGIA"]

1. e4 Nf6 2. e5 Nd5 3. c4 Nb6 4. c5 Nd5 5. Nc3 e6 6. d4 d6 7. cxd6 cxd6 8. f4
Nc6 9. Nf3 Be7 10. Bd3 O-O 11. O-O Nb6 12. Be3 Nb4 13. Bb1 Bd7 14. Nd2 Bc6 15.
Qh5 g6 16. Qh6 f5 17. exf6 Bxf6 18. Nde4 N4d5 19. Nxf6+ Qxf6 20. Ne4 Qg7 21.
Qxg7+ Kxg7 22. Bc1 Rad8 23. Ng5 Nc7 24. a4 Nxa4 25. Bd2 Nb6 26. Rxa7 h6 27. Ne4
Nb5 28. Ra2 Nxd4 29. Ba5 Ne2+ 30. Kh1 Ra8 31. Bxb6 Rxa2 32. Bxa2 Bxe4 33. Re1
Bd3 34. Bc7 Ra8 35. Bb3 Nd4 36. Bd1 Ra6 37. Bg4 Bf5 38. h3 h5 39. Be2 Rc6 40.
Bb8 Nxe2 41. Rxe2 Kf7 42. Rd2 Ke7 43. h4 Be4 44. Ba7 b6 45. b4 Kd7 46. Bb8 Bd5
47. Kh2 Rc4 48. Kg3 Rxb4 49. Rc2 Rc4 50. Rxc4 Bxc4 51. Kf2 Kc6 52. Ke3 Kd5 53.
Kd2 Bf1 54. g3 Bh3 55. Kc3 Bf5 56. Bc7 b5 57. Bb8 e5 58. fxe5 dxe5 59. Bc7 e4
60. Bf4 b4+ 61. Kd2 Kc4 62. Be3 Kb3 63. Bc5 Bg4 64. Bd6 e3+ 65. Kxe3 Kc3 0-1

[Event "España tch División de Honor 2014"]
[Site "Linares ESP"]
[Date "2014.09.10"]
[Round "7.3"]
[White "Sargissian, Gabriel"]
[Black "Iturrizaga Bonelli, Eduardo"]
[Result "1-0"]
[WhiteElo "2691"]
[BlackElo "2660"]
[PlyCount "73"]
[EventDate "2014.09.04"]
[EventType "team-tourn"]
[EventRounds "7"]
[EventCountry "ESP"]
[Source "lmi"]
[SourceDate "2014.09.04"]
[WhiteTeam "CLUB MAGIC EXTREMADURA"]
[BlackTeam "EQUIGOMA -  CASA SOCIAL CATOLICA"]

1. d4 Nf6 2. Nf3 e6 3. c4 b6 4. g3 Bb7 5. Bg2 Be7 6. O-O O-O 7. Re1 c5 8. d5
exd5 9. Nh4 Ne4 10. cxd5 Bxh4 11. Bxe4 Bf6 12. Qc2 h6 13. Bf4 d6 14. Na3 Bg5
15. Bxg5 Qxg5 16. Nc4 Qf6 17. Bg2 Ba6 18. b3 Nd7 19. f4 Bxc4 20. bxc4 b5 21.
cxb5 a6 22. b6 Rfb8 23. Rab1 Nxb6 24. e4 Qd4+ 25. Qf2 Nc4 26. Rxb8+ Rxb8 27.
Qxd4 cxd4 28. Rd1 Ne3 29. Rxd4 Rb2 30. Bf3 Rxa2 31. e5 Kf8 32. Rb4 g5 33. exd6
g4 34. Rb8+ Kg7 35. Re8 gxf3 36. Rxe3 Rd2 37. Re5 1-0

[Event "España tch División de Honor 2014"]
[Site "Linares ESP"]
[Date "2014.09.10"]
[Round "7.3"]
[White "Svetushkin, Dmitry"]
[Black "Arizmendi Martinez, Julen Luis"]
[Result "1-0"]
[WhiteElo "2580"]
[BlackElo "2544"]
[PlyCount "93"]
[EventDate "2014.09.04"]
[EventType "team-tourn"]
[EventRounds "7"]
[EventCountry "ESP"]
[Source "lmi"]
[SourceDate "2014.09.04"]
[WhiteTeam "CLUB MAGIC EXTREMADURA"]
[BlackTeam "EQUIGOMA -  CASA SOCIAL CATOLICA"]

1. e4 e6 2. d4 d5 3. Nc3 Nf6 4. e5 Nfd7 5. f4 c5 6. Nf3 Nc6 7. Be3 a6 8. Qd2 b5
9. Bd3 b4 10. Na4 c4 11. Be2 c3 12. Qd1 cxb2 13. Nxb2 Be7 14. O-O a5 15. Bd3
Nb6 16. Qe2 a4 17. Nd2 Na5 18. Rae1 g6 19. g4 Qc7 20. f5 gxf5 21. gxf5 exf5 22.
Qh5 Qc6 23. Bxf5 Bxf5 24. Qxf5 Qg6+ 25. Kh1 Qxf5 26. Rxf5 Rc8 27. Rc1 b3 28.
axb3 Ba3 29. Rb1 axb3 30. cxb3 Rc2 31. Nbc4 Nbxc4 32. bxc4 Rc1+ 33. Rxc1 Bxc1
34. Rf1 Bxd2 35. Bxd2 Nxc4 36. Bb4 Rg8 37. Bc5 Rg6 38. Rb1 Ra6 39. Rb7 f6 40.
Re7+ Kd8 41. e6 Ne3 42. Kg1 Nf5 43. Rd7+ Ke8 44. Rxd5 Ng7 45. Rd6 Ra4 46. Rb6
Ra8 47. Rb7 1-0

[Event "España tch División de Honor 2014"]
[Site "Linares ESP"]
[Date "2014.09.10"]
[Round "7.3"]
[White "Castellanos Rodriguez, Renier"]
[Black "Perez Candelario, Manuel"]
[Result "1/2-1/2"]
[WhiteElo "2465"]
[BlackElo "2575"]
[PlyCount "31"]
[EventDate "2014.09.04"]
[EventType "team-tourn"]
[EventRounds "7"]
[EventCountry "ESP"]
[Source "lmi"]
[SourceDate "2014.09.04"]
[WhiteTeam "EQUIGOMA -  CASA SOCIAL CATOLICA"]
[BlackTeam "CLUB MAGIC EXTREMADURA"]

1. e4 e5 2. Nf3 Nc6 3. Bb5 a6 4. Ba4 Nf6 5. d3 d6 6. c3 g6 7. O-O Bg7 8. Re1
O-O 9. Nbd2 Nh5 10. Nf1 f5 11. exf5 Bxf5 12. Bg5 Bf6 13. Bh6 Bg7 14. Bg5 Bf6
15. Bh6 Bg7 16. Bc1 1/2-1/2

[Event "España tch División de Honor 2014"]
[Site "Linares ESP"]
[Date "2014.09.10"]
[Round "7.3"]
[White "Santos Latasa, Jaime"]
[Black "Corral Blanco, Juan Antonio"]
[Result "1/2-1/2"]
[WhiteElo "2486"]
[BlackElo "2439"]
[PlyCount "120"]
[EventDate "2014.09.04"]
[EventType "team-tourn"]
[EventRounds "7"]
[EventCountry "ESP"]
[Source "lmi"]
[SourceDate "2014.09.04"]
[WhiteTeam "CLUB MAGIC EXTREMADURA"]
[BlackTeam "EQUIGOMA -  CASA SOCIAL CATOLICA"]

1. e4 c5 2. Nf3 e6 3. d4 cxd4 4. Nxd4 a6 5. Bd3 Bc5 6. Nb3 Be7 7. O-O d6 8. Qg4
g6 9. Qe2 Nf6 10. Bh6 Nbd7 11. N1d2 Ne5 12. h3 Bd7 13. a4 Bc6 14. a5 Nh5 15.
Be3 O-O 16. Kh2 d5 17. Nd4 Nxd3 18. cxd3 e5 19. Nxc6 bxc6 20. Rfc1 Qd7 21. Nf3
Bd6 22. Kg1 f6 23. Qc2 Rfc8 24. Qa4 Qb7 25. Rc2 Bf8 26. Rac1 d4 27. Bd2 c5 28.
g4 Ng7 29. g5 Qf7 30. Qc4 Qxc4 31. Rxc4 Kf7 32. gxf6 Kxf6 33. Bg5+ Ke6 34. b4
Rab8 35. bxc5 Rb5 36. Bh6 Rc6 37. Bf4 exf4 38. Nxd4+ Kd7 39. Nxc6 Kxc6 40. d4
Rxa5 41. d5+ Kc7 42. e5 Nf5 43. d6+ Kc6 44. e6 Nxd6 45. cxd6+ Kxd6 46. Rxf4 Be7
47. Re4 Rd5 48. Rb1 Rb5 49. Rd1+ Rd5 50. Ra1 a5 51. Rb1 Kc7 52. Rc4+ Kd6 53.
Rb6+ Ke5 54. Rb7 Kf6 55. Rcc7 Bb4 56. e7 Re5 57. Rc6+ Kf5 58. Rxb4 Re1+ 59. Kg2
axb4 60. Rb6 Ke5 1/2-1/2

[Event "España tch División de Honor 2014"]
[Site "Linares ESP"]
[Date "2014.09.10"]
[Round "7.3"]
[White "Guerrero Vargas, Andres"]
[Black "Moreno Tejera, Emilio"]
[Result "0-1"]
[WhiteElo "2303"]
[BlackElo "2435"]
[PlyCount "116"]
[EventDate "2014.09.04"]
[EventType "team-tourn"]
[EventRounds "7"]
[EventCountry "ESP"]
[Source "lmi"]
[SourceDate "2014.09.04"]
[WhiteTeam "EQUIGOMA -  CASA SOCIAL CATOLICA"]
[BlackTeam "CLUB MAGIC EXTREMADURA"]

1. e4 c5 2. Nf3 d6 3. d4 cxd4 4. Nxd4 Nf6 5. Nc3 Nc6 6. Bc4 Qb6 7. Nb3 e6 8.
O-O a6 9. Kh1 Qc7 10. Bd3 b5 11. a3 Bb7 12. f4 Be7 13. Qf3 Nd7 14. Bd2 Nc5 15.
Qf2 Nxd3 16. cxd3 O-O 17. Rac1 Rac8 18. Nd1 Qd8 19. Bc3 d5 20. e5 d4 21. Be1
Qd5 22. Nd2 f6 23. exf6 Rxf6 24. Ne4 Rf5 25. Ng3 Rff8 26. Bd2 Kh8 27. Qe2 b4
28. axb4 Nxb4 29. Rxc8 Rxc8 30. Bxb4 Bxb4 31. f5 exf5 32. Rxf5 Qd7 33. Qf1 Bd5
34. Ne2 Re8 35. Rf2 h6 36. Kg1 Bb3 37. Rf4 Qd6 38. g3 Qg6 39. Nf2 Bd2 40. Rxd4
Be3 41. Nf4 Qf6 42. Re4 Rxe4 43. dxe4 Qxb2 44. N4d3 Qd2 45. Ne5 a5 46. Neg4 Bd4
47. Qb5 Qb4 48. Qe8+ Bg8 49. e5 a4 50. e6 Bc5 51. Kg2 Qb7+ 52. Kh3 Qe7 53. Qxa4
h5 54. Nd3 hxg4+ 55. Kg2 Qb7+ 56. Kf1 Qf3+ 57. Ke1 Qb7 58. Nf2 Qe4+ 0-1

[Event "España tch División de Honor 2014"]
[Site "Linares ESP"]
[Date "2014.09.10"]
[Round "7.4"]
[White "Ivanchuk, Vassily"]
[Black "Rakhmanov, Aleksandr"]
[Result "1/2-1/2"]
[WhiteElo "2726"]
[BlackElo "2626"]
[PlyCount "61"]
[EventDate "2014.09.04"]
[EventType "team-tourn"]
[EventRounds "7"]
[EventCountry "ESP"]
[Source "lmi"]
[SourceDate "2014.09.04"]
[WhiteTeam "MERIDA PATRIMONIO DE LA HUMANIDAD"]
[BlackTeam "ESCOLA D'ESCACS DE BARCELONA"]

1. e4 e6 2. d4 d5 3. Nd2 dxe4 4. Nxe4 Bd7 5. Nf3 Bc6 6. Bd3 Nd7 7. O-O Bxe4 8.
Bxe4 c6 9. c3 Ngf6 10. Bc2 g6 11. b3 Bg7 12. Ba3 Bf8 13. Bb2 Bg7 14. c4 O-O 15.
Qe2 Qc7 16. Rac1 Rfe8 17. Rfe1 Bh6 18. Rcd1 b5 19. Ne5 Bg7 20. g3 bxc4 21. Nxc4
Nd5 22. Be4 a5 23. Qc2 a4 24. bxa4 N7b6 25. Nxb6 Qxb6 26. Bc3 Qa7 27. a5 Rec8
28. Re2 Nxc3 29. Qxc3 Qxa5 30. Qxa5 Rxa5 31. Rc2 1/2-1/2

[Event "España tch División de Honor 2014"]
[Site "Linares ESP"]
[Date "2014.09.10"]
[Round "7.4"]
[White "Spraggett, Kevin"]
[Black "Almasi, Zoltan"]
[Result "0-1"]
[WhiteElo "2564"]
[BlackElo "2694"]
[PlyCount "48"]
[EventDate "2014.09.04"]
[EventType "team-tourn"]
[EventRounds "7"]
[EventCountry "ESP"]
[Source "lmi"]
[SourceDate "2014.09.04"]
[WhiteTeam "ESCOLA D'ESCACS DE BARCELONA"]
[BlackTeam "MERIDA PATRIMONIO DE LA HUMANIDAD"]

1. d4 Nf6 2. c4 e6 3. Nc3 Bb4 4. e3 O-O 5. Bd3 d5 6. Nf3 c5 7. O-O dxc4 8. Bxc4
Nc6 9. a3 Ba5 10. Ba2 h6 11. h3 a6 12. Ne2 cxd4 13. Nexd4 Nxd4 14. Qxd4 Qxd4
15. Nxd4 Bb6 16. Nf3 Bd7 17. Bd2 Ne4 18. Bb4 Rfc8 19. Rfc1 a5 20. Be1 Ba4 21.
b4 axb4 22. Bxb4 Bd8 23. Nd2 Nxd2 24. Bxd2 Bc2 0-1

[Event "España tch División de Honor 2014"]
[Site "Linares ESP"]
[Date "2014.09.10"]
[Round "7.4"]
[White "Kryvoruchko, Yuriy"]
[Black "Cruz, Cristhian"]
[Result "1-0"]
[WhiteElo "2708"]
[BlackElo "2569"]
[PlyCount "67"]
[EventDate "2014.09.04"]
[EventType "team-tourn"]
[EventRounds "7"]
[EventCountry "ESP"]
[Source "lmi"]
[SourceDate "2014.09.04"]
[WhiteTeam "MERIDA PATRIMONIO DE LA HUMANIDAD"]
[BlackTeam "ESCOLA D'ESCACS DE BARCELONA"]

1. e4 c5 2. Nf3 d6 3. d4 cxd4 4. Nxd4 Nf6 5. Nc3 a6 6. Be3 e5 7. Nb3 Be6 8. f3
Be7 9. Qd2 Nbd7 10. g4 h6 11. O-O-O b5 12. Kb1 Nb6 13. Qf2 Nc4 14. Bxc4 bxc4
15. Nc5 Qc7 16. Nxe6 fxe6 17. h4 Nd7 18. g5 h5 19. f4 exf4 20. Qxf4 Rb8 21.
Rhf1 Rf8 22. Qg3 Rxf1 23. Rxf1 Qb7 24. Bc1 Ne5 25. Qe3 Qb6 26. Qh3 Ng4 27. Ne2
Qc6 28. Nf4 g6 29. Re1 e5 30. Nxg6 Kf7 31. Nxe7 Kxe7 32. g6 Rf8 33. Bg5+ Ke6
34. g7 1-0

[Event "España tch División de Honor 2014"]
[Site "Linares ESP"]
[Date "2014.09.10"]
[Round "7.4"]
[White "Gual Pascual, Antonio"]
[Black "Berkes, Ferenc"]
[Result "0-1"]
[WhiteElo "2447"]
[BlackElo "2649"]
[PlyCount "58"]
[EventDate "2014.09.04"]
[EventType "team-tourn"]
[EventRounds "7"]
[EventCountry "ESP"]
[Source "lmi"]
[SourceDate "2014.09.04"]
[WhiteTeam "ESCOLA D'ESCACS DE BARCELONA"]
[BlackTeam "MERIDA PATRIMONIO DE LA HUMANIDAD"]

1. Nf3 Nf6 2. c4 e6 3. g3 d5 4. Bg2 dxc4 5. Qc2 Nbd7 6. Na3 c5 7. Nxc4 Nd5 8.
a4 b6 9. O-O Be7 10. b3 O-O 11. Bb2 Bb7 12. Rfd1 Rc8 13. e4 Nb4 14. Qc3 Nf6 15.
d3 Qc7 16. h4 Rfd8 17. Nce5 Ne8 18. Ng5 Bf6 19. d4 cxd4 20. Qxb4 Qxe5 21. f4
Qc5 22. Qxc5 bxc5 23. e5 Bxg2 24. Kxg2 Be7 25. Ne4 f6 26. exf6 Nxf6 27. Nxf6+
gxf6 28. b4 Rb8 29. Ba3 c4 0-1

[Event "España tch División de Honor 2014"]
[Site "Linares ESP"]
[Date "2014.09.10"]
[Round "7.4"]
[White "Illescas Cordoba, Miguel"]
[Black "Avila Jimenez, Xavier"]
[Result "1-0"]
[WhiteElo "2617"]
[BlackElo "2220"]
[PlyCount "45"]
[EventDate "2014.09.04"]
[EventType "team-tourn"]
[EventRounds "7"]
[EventCountry "ESP"]
[Source "lmi"]
[SourceDate "2014.09.04"]
[WhiteTeam "MERIDA PATRIMONIO DE LA HUMANIDAD"]
[BlackTeam "ESCOLA D'ESCACS DE BARCELONA"]

1. d4 d5 2. c4 c6 3. Bf4 dxc4 4. e3 b5 5. a4 e6 6. axb5 cxb5 7. Qf3 Qd5 8. Be2
Bb7 9. Nc3 Qd7 10. Qg3 Na6 11. Nf3 f6 12. O-O g5 13. Nxg5 fxg5 14. Bh5+ Kd8 15.
Be5 Bg7 16. Qxg5+ Bf6 17. Bxf6+ Nxf6 18. Qxf6+ Kc7 19. Qe5+ Kb6 20. Rxa6+ Bxa6
21. Qc5+ Kb7 22. Bf3+ Kb8 23. Nb1 1-0

[Event "España tch División de Honor 2014"]
[Site "Linares ESP"]
[Date "2014.09.10"]
[Round "7.4"]
[White "Orteu Capdevila, Max"]
[Black "Korneev, Oleg"]
[Result "0-1"]
[WhiteElo "2080"]
[BlackElo "2581"]
[PlyCount "56"]
[EventDate "2014.09.04"]
[EventType "team-tourn"]
[EventRounds "7"]
[EventCountry "ESP"]
[Source "lmi"]
[SourceDate "2014.09.04"]
[WhiteTeam "ESCOLA D'ESCACS DE BARCELONA"]
[BlackTeam "MERIDA PATRIMONIO DE LA HUMANIDAD"]

1. e4 c5 2. Nf3 e6 3. d4 cxd4 4. Nxd4 a6 5. Nc3 Qc7 6. Bd3 Nf6 7. f4 d6 8. Qf3
Nc6 9. Be3 Be7 10. O-O Bd7 11. Kh1 h5 12. a4 Rc8 13. Rae1 Qb8 14. Nxc6 Bxc6 15.
f5 e5 16. a5 Qc7 17. Bb6 Qd7 18. Nd5 Bxd5 19. exd5 Bd8 20. Bxd8 Kxd8 21. Ra1
Ke7 22. c4 Rhe8 23. Rfe1 Kf8 24. b3 e4 25. Bxe4 Qe7 26. Re2 Nxe4 27. Rae1 Qh4
28. g3 Qg4 0-1